LEADER 00780nam0-22002651i-450 001 990008015670403321 005 20220330131438.0 035 $a000801567 100 $a20050302d1972----km-y0itay50------ba 101 0 $afre 102 $aFR 105 $aa-------001yy 200 1 $aAllemagne$fOrganisation de Coopération et de Développement Economiques 210 $aParis$cOCDE$d1972 215 $a92 p., 1 c. ripieg.$cill.$d1972 225 1 $aÉtudes économiques$fOCDE 610 0 $aGermania$aEconomia 712 02$aOrganizzazione per la cooperazione e lo sviluppo economico 801 0$aIT$bUNINA$gRICA$2UNIMARC 901 $aBK 912 $a990008015670403321 952 $aColl.009(014)B$bI.G. 9805$fILFGE 959 $aILFGE 996 $aAllemagne$9450117 997 $aUNINA